<?xml version="1.0" encoding="UTF-8"?><?xml-stylesheet type="text/xsl" href="static/style.xsl"?><OAI-PMH xmlns="http://www.openarchives.org/OAI/2.0/" xmlns:xsi="http://www.w3.org/2001/XMLSchema-instance" xsi:schemaLocation="http://www.openarchives.org/OAI/2.0/ http://www.openarchives.org/OAI/2.0/OAI-PMH.xsd"><responseDate>2026-06-01T06:40:30Z</responseDate><request verb="GetRecord" identifier="oai:riuma.uma.es:10630/9264" metadataPrefix="marc">https://riuma.uma.es/rest/oai/request</request><GetRecord><record><header><identifier>oai:riuma.uma.es:10630/9264</identifier><datestamp>2026-02-03T11:47:52Z</datestamp><setSpec>com_10630_2254</setSpec><setSpec>col_10630_37959</setSpec></header><metadata><record xmlns="http://www.loc.gov/MARC21/slim" xmlns:dcterms="http://purl.org/dc/terms/" xmlns:doc="http://www.lyncode.com/xoai" xmlns:xsi="http://www.w3.org/2001/XMLSchema-instance" xsi:schemaLocation="http://www.loc.gov/MARC21/slim http://www.loc.gov/standards/marcxml/schema/MARC21slim.xsd">
   <leader>00925njm 22002777a 4500</leader>
   <datafield ind2=" " ind1=" " tag="042">
      <subfield code="a">dc</subfield>
   </datafield>
   <datafield ind2=" " ind1=" " tag="720">
      <subfield code="a">Panstruga, Ralph</subfield>
      <subfield code="e">author</subfield>
   </datafield>
   <datafield ind2=" " ind1=" " tag="260">
      <subfield code="c">2015-03-03</subfield>
   </datafield>
   <datafield ind2=" " ind1=" " tag="520">
      <subfield code="a">Powdery mildew is a widespread plant disease of temperate climates that is caused by ascomycete fungi of the order Erysiphales. The disease is macroscopically characterized by “powdery” fungal reproduction structures on the surface of plant organs. It is an important threat for both agri- and horticulture and can cause significant harvest losses in cereals and crop plants such as wheat, barley, and tomato, and severely impact ornamental plants such as roses. Accordingly, the generation of plant breeds that exhibit robust immunity to this disease is of great economic interest. One major step in this direction was the discovery of barley mutant plants that display near complete resistance to the barley powdery mildew pathogen, Blumeria graminis f.sp. hordei (Bgh). These plants, which carry recessively inherited loss-of-function mutations in the gene Mildew resistance locus o (Mlo), show durable broad-spectrum resistance against virtually all Bgh isolates. On mlo mutant plants, powdery mildew pathogenesis is terminated at the stage of cell wall penetration and host cell entry; consequently, fungal sporelings do not form haustoria inside host cells and fungal colonies cannot develop. Subsequent studies revealed that (1) Mlo genes are restricted to plants and green algae and represented as small to medium-sized families in higher plant species and (2) that mlo-based powdery mildew resistance is not restricted to the monocot barley, but also found in the distantly related eudicot plant species Arabidopsis thaliana. Mutant alleles of Arabidopsis thaliana AtMLO2, one out of the 15 MLO genes present in the Arabidopsis genome, confers partial resistance to the adapted powdery mildew species Golovinomyces orontii and G. cichoracearum.</subfield>
   </datafield>
   <datafield ind1="8" ind2=" " tag="024">
      <subfield code="a">http://hdl.handle.net/10630/9264</subfield>
   </datafield>
   <datafield ind1="8" ind2=" " tag="024">
      <subfield code="a">http://orcid.org/0000-0002-3756-8957</subfield>
   </datafield>
   <datafield tag="653" ind2=" " ind1=" ">
      <subfield code="a">Mildiu</subfield>
   </datafield>
   <datafield ind2="0" ind1="0" tag="245">
      <subfield code="a">Plant MLO proteins: Conserved "disease susceptibility factors" for powdery mildew fungi</subfield>
   </datafield>
</record>
</metadata></record></GetRecord></OAI-PMH>